Culture Générale - Série 101 - Statistiques

Statistiques générales
  • Ce quiz a été pris 650 fois
  • Le résultat moyen est 4 sur 10
Statistiques - réponses
Question Réponse % Correct
Quel animal était autrefois appelé goupil ? Renard
89%
Dans quel pays se situe la ville de Dubrovnik ? Croatie
79%
Quelle ville est surnommée "la capitale des Gaules" ? Lyon
69%
Quelle série télévisée avait Eliot Ness pour personnage principal ? Les Incorruptibles
34%
D'après les Avions, comment était "la nuit" en plus d'être chaude et belle ? Sauvage
31%
Qui a réalisé "les Valseuses" en 1974 ? Bertrand Blier
29%
Qui a écrit, réalisé et interprété "Bernie" au cinéma en 1996 ? Albert Dupontel
26%
En 1958, Quel joueur du Real Madrid était surnommé "le Napoléon du football" ? Raymond Kopa
26%
Quel est le nom de famille de Gavroche dans "les Misérables" ? Thénardier
21%
Quel nom porte la hache de guerre qu'utilisaient les Francs ? Francisque
20%
Aucun quiz correspondant
Distribution des résultats
% des personnes avec chaque résultat
Percentile par nombre de réponses
Votre historique - résultats
Vous n’avez pas pris ce quiz